Smernica ako prameň (právna povaha, štruktúra a preberanie členským štátom)

Právna povaha smernice ako výsledku normotvorby zákonodarcu Európskej únie, jej štruktúra ako aj niektoré špecifické vlastnosti, ktoré majú vplyv na preberanie normy obsiahnutej v smernici právneho poriadku členského štátu.

Enregistré dans:
Détails bibliographiques
Auteur principal: Hodás, Milan
Format: Chapitre de livre
Langue:slovaque
Sujets:
Tags: Ajouter un tag
Pas de tags, Soyez le premier à ajouter un tag!

MARC

LEADER 00000naa$a2200000$$$4500
001 0111740
005 20231102092630.2
041 0 |a slo 
044 |a SK 
245 1 0 |a Smernica ako prameň  |b (právna povaha, štruktúra a preberanie členským štátom)  |c Milan Hodás 
520 |a Právna povaha smernice ako výsledku normotvorby zákonodarcu Európskej únie, jej štruktúra ako aj niektoré špecifické vlastnosti, ktoré majú vplyv na preberanie normy obsiahnutej v smernici právneho poriadku členského štátu. 
610 2 0 |a smernice 
610 2 0 |a poriadok právny 
610 2 0 |a právo európske 
610 2 0 |a zákonodarstvo 
610 2 0 |a normy právne 
100 1 |a Hodás, Milan